La aventurera / (Record no. 123769)

MARC details
000 -LEADER
campo de control de longitud fija 00481nam a2200169 4500
001 - NÚMERO DE CONTROL
campo de control 123769
003 - IDENTIFICADOR DE NÚMERO DE CONTROL
campo de control ES-MaACL
005 - FECHA Y HORA DE LA ÚLTIMA TRANSACCIÓN
campo de control 20230906192232.0
007 - CAMPO FIJO DE DESCRIPCIÓN FÍSICA--INFORMACIÓN GENERAL
campo de control de longitud fija t|
008 - DATOS DE LONGITUD FIJA--INFORMACIÓN GENERAL
campo de control de longitud fija 070214s1971 sp r ||||1| spa d
100 1# - ENTRADA PRINCIPAL--NOMBRE DE PERSONA
Nombre de persona Rama Rau, Santha.
9 (RLIN) 95060
245 13 - MENCIÓN DEL TÍTULO
Título La aventurera /
Mención de responsabilidad, etc. Santha Rama Rau ; traducción Isabel Ulsamer.
260 ## - PUBLICACIÓN, DISTRIBUCIÓN, ETC.
Lugar de publicación, distribución, etc. Barcelona :
Nombre del editor, distribuidor, etc. Edisven,
Fecha de publicación, distribución, etc. 1971.
300 ## - DESCRIPCIÓN FÍSICA
Extensión 314 p. ;
Dimensiones 21 cm.
700 1# - ENTRADA AGREGADA--NOMBRE PERSONAL
Nombre de persona Ulsamer, Isabel.
9 (RLIN) 111960
852 ## - LOCALIZACIÓN
Ubicación ES-MaACL
Número de control de estantería C-39031
Sublocalización o colección R.77494
Holdings
Estatus retirado Estado de pérdida Estado de daño No para préstamo Biblioteca de origen Biblioteca actual Ubicación en estantería Fecha de adquisición Fuente de adquisición Total de préstamos Signatura topográfica completa Código de barras Visto por última vez Precio de reemplazo Tipo de ítem Koha
        Biblioteca del Ateneo de Madrid Biblioteca del Ateneo de Madrid Depósito 2 17/01/2008     C-39031 1128952 23/02/2023 23/02/2023 Libro impreso